Ordenanza de aduanas: DFL 213-1953: actualizada al 30-VI-72

Сохранить в:
Библиографические подробности
Главный автор: Mendoza Lumbreras, Heraclio (autor)
Формат:
Язык:испанский
Опубликовано: Valparaíso Universidad de Chile 1972
Предметы:
Метки: Добавить метку
Нет меток, Требуется 1-ая метка записи!

MARC

LEADER 00000nam a2200000 a 4500
001 UCS0390
003 CL-VaPUC
008 970426e19720000CL |||||||||||||||||spa|d
082 0 4 |a 343.056  |b MEN  |2 21 
100 |a Mendoza Lumbreras, Heraclio  |e autor  |9 383783 
245 1 0 |a Ordenanza de aduanas: DFL 213-1953: actualizada al 30-VI-72 
300 |a 129 p 
942 |c BK 
945 |d 19970426 00:00:00  |a cmena 
260 |a Valparaíso  |b Universidad de Chile  |c 1972 
650 0 |a Aduanas  |9 255492 
650 7 |a LEGISLACION  |2 CL-VaPUC  |9 383784 
650 0 |a Derecho tributario  |9 258895 
650 0 |a Arancel aduanero  |9 383785 
650 7 |a ORDENANZA DE ADUANAS  |2 CL-VaPUC  |9 357483 
650 0 |a Agentes de aduanas   |9 383786 
651 7 |a CHILE  |2 CL-VaPUC  |9 383787 
583 |a last modification  |c 19970426 00:00:00  |k Rodrigo Vera 
999 |c 258620  |d 258618 
952 |0 0  |1 0  |4 0  |6 343_056000000000000_MEN_1972  |7 0  |8 A  |9 282866  |a BIBDER  |b BIBDER  |d 2019-11-19  |i 1835149  |o 343.056 MEN 1972  |p 1835149  |r 2023-01-25  |w 2019-11-19  |y BK  |k DER